|
|
|
|
| LEADER |
00000nam0a2200000 4500 |
| 001 |
123890 |
| 005 |
20231031130652.0 |
| 010 |
|
|
|a 5962600169
|
| 035 |
|
|
|a (RuTPU)RU\TPU\book\134080
|
| 090 |
|
|
|a 123890
|
| 100 |
|
|
|a 20071025d2006 m y0rusy50 ca
|
| 101 |
1 |
|
|a rus
|c eng
|
| 102 |
|
|
|a RU
|
| 105 |
|
|
|a a z 001zy
|
| 200 |
1 |
|
|a Создание клиентской базы: пошаговое руководство по превращению контактов в деньги
|e пер. с англ.
|f К. Ли
|
| 210 |
|
|
|a Москва
|a СПб.
|c Вершина
|d 2006
|
| 215 |
|
|
|a 360 с.
|c ил.
|
| 225 |
1 |
|
|a Актуальность. Компетентность. Достоверность
|
| 320 |
|
|
|a Предметный указатель: с. 354-359.
|
| 330 |
|
|
|a В уникальном руководстве Кендры Ли шаг за шагом описывается процесс формирования базы перспективных клиентов — именно в том количестве, которое требуется для достижения личных целей специалиста по продажам и повышения прибыли его компании. Книга составлена так, что ее можно читать и полностью, и по частям, в зависимости от того, с какой проблемой вы столкнулись. Часть 1 поможет выбрать правильное направление деятельности на своей территории, часть 2 — определить, с кем и как надо работать, часть 3 научит совмещать разные виды деятельности для увеличения продаж и т. д. Прочитав книгу, вы будете прекрасно «ориентироваться на местности». И не только найдете своих клиентов — они будут искать вас.
|
| 610 |
1 |
|
|a экономика
|
| 610 |
1 |
|
|a фирмы
|
| 610 |
1 |
|
|a компании
|
| 610 |
1 |
|
|a управление
|
| 610 |
1 |
|
|a маркетинг
|
| 610 |
1 |
|
|a контакты
|
| 610 |
1 |
|
|a клиенты
|
| 610 |
1 |
|
|a клиентская база
|
| 610 |
1 |
|
|a территория
|
| 610 |
1 |
|
|a сегментирование
|
| 610 |
1 |
|
|a перспективные клиенты
|
| 610 |
1 |
|
|a прямые рассылки
|
| 610 |
1 |
|
|a электронная почта
|
| 610 |
1 |
|
|a телемаркетинг
|
| 610 |
1 |
|
|a реклама
|
| 610 |
1 |
|
|a рекламные письма
|
| 610 |
1 |
|
|a территориальные планы
|
| 610 |
1 |
|
|a примеры
|
| 686 |
|
|
|a У821.4
|v LBC/SL-A
|2 rubbk
|
| 700 |
|
1 |
|a Ли
|b К.
|g Кендра
|
| 702 |
|
1 |
|a Кузин
|b Д. В.
|4 340
|
| 801 |
|
1 |
|a RU
|b 63413507
|c 20071025
|g PSBO
|
| 801 |
|
2 |
|a RU
|b 63413507
|c 20120605
|g PSBO
|
| 942 |
|
|
|c BK
|